000 00873cam a22002771a 4500
001 5470
003 BD-RjUL
005 20211208234054.0
008 131226s1962 enk b 001 0 eng
035 _a(BD-RjUL)5506
035 _a(OCoLC)3109137
040 _aDLC
_cOC
_dOCoLC
_dUk
_dMoSU-L
_dDLC
_dBD-RjUL
_beng
041 _aeng
051 _aJN234 1952
_b.J4
082 0 0 _a342.4203
_bJEC 1962
100 1 _aJennings, Ivor,
_d1903-1965.
_98234
245 1 0 _aConstitutional laws of the Commonwealth /
_cby Sir Ivor Jennings.
_nVolume 1
_pthe monarchies
250 _a3rd ed.
260 _aOxford :
_bClarendon Press,
_c1952.
300 _axxiv, 596 p. ;
_c22 cm.
504 _aIncludes bibliographical references and index.
650 0 _aConstitutional law
_zCommonwealth countries.
_917166
942 _2ddc
_cBK
999 _c5470
_d5470